000 00581cam a22002054a 4500
001 16219731
003 OSt
005 20180209100929.0
008 100506s2009 ag a 000 0 spa
020 _a978-950-574-251-6
040 _cBMC
082 _a345.82
100 1 _aZaffaroni, Eugenio Raúl
_96936
245 1 0 _aEstructura básica del derecho penal
_cEugenio Raúl Zaffaroni
250 _aReimp
260 _aBuenos Aires
_bEdiar
_c2009
300 _a290 p.
_bil.
_c19 cm
_e+ 2 disco compacto.
650 2 4 _aDerecho penal
_zArgentina
_96868
942 _2ddc
_cBK
_hprozim
999 _c7994
_d7994